Encyclopaedia Of Team Building Acitvities (Record no. 85984)

MARC details
000 -LEADER
fixed length control field 00596nam a2200217Ia 4500
008 - FIXED-LENGTH DATA ELEMENTS--GENERAL INFORMATION
fixed length control field 230125s9999 xx 000 0 und d
020 ## - INTERNATIONAL STANDARD BOOK NUMBER
International Standard Book Number 81-86757-04-X
041 ## - LANGUAGE CODE
Language code of text/sound track or separate title eng
082 ## - DEWEY DECIMAL CLASSIFICATION NUMBER
Classification number 031
Item number PFE
100 ## - MAIN ENTRY--PERSONAL NAME
Personal name Pfeiffer J W, Ed.
9 (RLIN) 109316
245 ## - TITLE STATEMENT
Title Encyclopaedia Of Team Building Acitvities
250 ## - EDITION STATEMENT
Edition statement 1st Ed.
260 ## - PUBLICATION, DISTRIBUTION, ETC. (IMPRINT)
Date of publication, distribution, etc. 1996
Name of publisher, distributor, etc. pfeiffer & company publication
Place of publication, distribution, etc. Amsterdam
300 ## - PHYSICAL DESCRIPTION
Extent 355p
500 ## - GENERAL NOTE
Keywords encyclopaedia;Team-building activities
500 ## - GENERAL NOTE
Keywords team building
650 ## - SUBJECT ADDED ENTRY--TOPICAL TERM
Topical term or geographic name as entry element General
700 ## - ADDED ENTRY--PERSONAL NAME
Personal name Pfeiffer J W, Ed.
9 (RLIN) 109316
906 ## - LOCAL DATA ELEMENT F, LDF (RLIN)
b 148
Holdings
Withdrawn status Lost status Damaged status Not for loan Home library Current library Date acquired Vendor Cost, normal purchase price Bill number Full call number Barcode Date last seen Cost, replacement price Bill Date Koha item type Original Barcode
      Reference Smt. Hiraben Nanavati Institute of Management & Research for Women Smt. Hiraben Nanavati Institute of Management & Research for Women 27/02/1997 Pradeep Book Depot 985.00 1769 031 PFE B00183 HIMR-BK-183 25/01/2023 837.00 07/02/1997 Books B00183